000
00318nam a22001331a 4500
082
_a
H3 MIS SUJ
_b
M84
100
_a
Mittilesh Kumari Misra
245
_a
Sujaan/
_c
by Mittilesh Kumari Misra
260
_a
Patna:
_b
Vani Vattika,
_c
1984.
300
_a
136p.
650
_a
Novel Hindi
650
_a
Literature
942
_c
BK
999
_c
45286
_d
45286